000 00349ngm a2200133 i 4500
001 bg
100 1 _aKanciruk, Roman.
245 0 0 _aMała, wielka niebieska kula.
_cRoman Kanciruk, Barbara Puszczewicz.
_n1-2 /
260 _aWarszawa :
_b[s.n.],
_c1995.
040 _cBPK
041 _apol
942 _cTW
008 s pl f |000 0 pol
999 _c50101
_d50101
856 _uhttp://koha.tu.koszalin.pl/cgi-bin/koha/opac-detail.pl?biblionumber=50101
_yKatalog online BPK